[Event "IV Open"]
[Site "Dos Hermanas"]
[Date "2004.03.28"]
[Round "4"]
[White "Paunovic, Dragan"]
[Black "Milov, Vadim"]
[Result "0-1"]
[WhiteElo "2517"]
[BlackElo "2632"]
[PlyCount "84"]
[EventDate "2004.03.25"]
[Source "Roberto Alvarez"]
[SourceDate "2004.04.05"]

1. c4 g6 2. g3 Bg7 3. Bg2 c5 4. Nf3 Nc6 5. O-O e6 6. Nc3 Nge7 7. e3 O-O 8. d4 d6 9. d5 Na5 10. Nd2 exd5 11. cxd5 Nf5 12. Nb3 Nxb3 13. Qxb3 b6 14. a4 Bd7 15. Bd2 Qe7 16. Ne4 Rab8 17. Bc3 b5 18. Bxg7 Nxg7 19. axb5 Bxb5 20. Rfe1 Nh5 21. Qc2 Rb7 22. b3 Nf6 23. Nc3 Rfb8 24. e4 Qe5 25. Rad1 g5 26. Nb1 Nd7 27. Nd2 Qf6 28. e5 Nxe5 29. Ne4 Qg6 30. Qc3 Bd7 31. Nxd6 Qxd6 32. Qxe5 Qxe5 33. Rxe5 Rxb3 34. Rxg5+ Kf8 35. Be4 h6 36. Rf5 Bxf5 37. Bxf5 R3b4 38. Rc1 c4 39. d6 a5 40. d7 a4 41. Rd1 Rd8 42. Rd6 Rb5 0-1

[Event "Calviá ol (Men)"]
[Site "Mallorca"]
[Date "2004.10.20"]
[Round "6.9"]
[White "Damljanovic, Branko"]
[Black "Felgaer, Ruben"]
[Result "1/2-1/2"]
[WhiteElo "2578"]
[BlackElo "2569"]
[PlyCount "114"]
[EventDate "2004.10.15"]
[Source "Roberto Alvarez"]
[SourceDate "2004.10.25"]

1. c4 c5 2. Nf3 Nc6 3. Nc3 e5 4. g3 g6 5. Bg2 Bg7 6. a3 Nge7 7. O-O d6 8. b4 e4 9. Ne1 f5 10. Rb1 Be6 11. Bb2 Bxc4 12. d3 cxb4 13. axb4 exd3 14. Nxd3 O-O 15. b5 Nd4 16. Nf4 Qd7 17. Nfd5 Nxd5 18. Bxd5+ Bxd5 19. Nxd5 Ne6 20. Qb3 Kh8 21. Rfd1 Nc5 22. Qa3 Bxb2 23. Rxb2 Qg7 24. Rbd2 Rfd8 25. f3 Qe5 26. Ne3 b6 27. Nc4 Qe6 28. Nxd6 Rd7 29. Qc3+ Kg8 30. Nc4 Rad8 31. Rxd7 Rxd7 32. Rxd7 Qxd7 33. Qe5 Qxb5 34. Qb8+ Kg7 35. Qxa7+ Nd7 36. Qa1+ Kg8 37. Qa8+ Nf8 38. Qc8 Qb1+ 39. Kg2 Qc2 40. Kf2 Qc3 41. Qc6 Qd4+ 42. Kg2 Qc5 43. Qxc5 bxc5 44. Kf2 Kf7 45. Ke3 Ke6 46. Kd3 Nd7 47. Kc3 Kd5 48. Ne3+ Kc6 49. Nc4 Nb6 50. Ne5+ Kd5 51. Nf7 c4 52. Ng5 h6 53. e4+ Kc5 54. Ne6+ Kd6 55. exf5 gxf5 56. Nd4 Ke5 57. Ne2 Kd5 1/2-1/2

[Event "Europa ch 2008"]
[Site "Plovdiv BUL"]
[Date "2008.04.27"]
[Round "7.60"]
[White "Braun, Arik"]
[Black "Petrosian, Tigran"]
[Result "1/2-1/2"]
[WhiteElo "2529"]
[BlackElo "2615"]
[PlyCount "119"]
[EventDate "2008.04.21"]
[Source "www.chesslib.no"]
[SourceDate "2004.05.04"]

1. Nf3 c5 2. c4 Nc6 3. Nc3 g6 4. g3 Bg7 5. Bg2 Nh6 6. O-O O-O 7. d3 a6 8. Rb1 Nf5 9. a3 b5 10. cxb5 axb5 11. Nxb5 Qb6 12. a4 Ba6 13. g4 Nh6 14. h3 f5 15. Nh2 e6 16. Be3 f4 17. Bd2 Bxb5 18. axb5 Qxb5 19. g5 Nf5 20. Bxf4 Nh4 21. Bd2 d5 22. Ng4 Ra2 23. Bc3 d4 24. Bd2 Nxg2 25. Kxg2 c4 26. dxc4 Qxc4 27. f3 Ne7 28. Rf2 Nf5 29. Qc1 Qa6 30. Qc7 Qb5 31. Bf4 Raa8 32. Rc1 Rf7 33. Qc4 Qb6 34. Kh2 Re8 35. Qa4 Qd8 36. Rc5 Ne3 37. Bg3 Nxg4+ 38. hxg4 e5 39. Qc6 Qe7 40. Kg2 Ref8 41. b4 Qxg5 42. Qe6 Qd8 43. b5 Re8 44. Qc4 Qe7 45. Rf1 Qe6 46. Qxe6 Rxe6 47. Rfc1 Rb7 48. Rc8+ Kf7 49. R1c7+ Re7 50. Rc5 h5 51. gxh5 gxh5 52. R8c6 e4 53. fxe4 Rxe4 54. Rc7+ Rxc7 55. Rxc7+ Kg6 56. b6 Be5 57. Re7 Rxe2+ 58. Kf1 Rb2 59. Bxe5 Rxb6 60. Bxd4 1/2-1/2

[Event "Paris FRA"]
[Site "?"]
[Date "2005.07.12"]
[Round "4"]
[White "Kengis Edvins"]
[Black "Landa Konstantin"]
[Result "1/2-1/2"]
[WhiteElo "2534"]
[BlackElo "2609"]
[PlyCount "40"]
[EventDate "2005.??.??"]
[Source "www.chesslib.no"]
[SourceDate "2004.05.04"]

1. Nf3 c5 2. c4 Nc6 3. Nc3 e5 4. g3 g6 5. Bg2 Bg7 6. d3 Nge7 7. Bg5 f6 8. Bd2 d6 9. a3 a5 10. O-O O-O 11. Ne1 Be6 12. Rb1 Rb8 13. Nc2 d5 14. cxd5 Nxd5 15. Nxd5 Bxd5 16. Bxd5+ Qxd5 17. b4 cxb4 18. axb4 axb4 19. Nxb4 Nxb4 20. Rxb4 b5 1/2-1/2